| Tag |
First Indicator |
Second Indicator |
Subfields |
| LEADER |
00000cam a2200000 4500 |
| 001 |
in00000043987 |
| 005 |
20151007065047.0 |
| 008 |
741105s1954 nyu 00000 eng u |
| 010 |
|
|
|a 54005375
|
| 035 |
|
|
|a (OCoLC)01066120
|
| 035 |
|
|
|9 AAE1200AM
|
| 040 |
|
|
|c TLM
|d TXA
|d UtOrBLW
|
| 049 |
|
|
|a TXAM
|c [232603]
|
| 050 |
|
0 |
|a GT4935
|b .A3
|
| 092 |
|
|
|a 394.26
|b A211e
|
| 100 |
1 |
|
|a Adams, Charlotte,
|d 1899-
|
| 245 |
1 |
0 |
|a Easter idea book.
|
| 264 |
|
1 |
|a New York :
|b M. Barrows,
|c [1954]
|
| 300 |
|
|
|a 192 pages :
|b illustrations ;
|c 21 cm.
|
| 336 |
|
|
|a text
|b txt
|2 rdacontent
|
| 337 |
|
|
|a unmediated
|b n
|2 rdamedia
|
| 338 |
|
|
|a volume
|b nc
|2 rdacarrier
|
| 650 |
|
0 |
|a Easter.
|
| 999 |
|
|
|a MARS
|
| 999 |
f |
f |
|s 608c36aa-7dce-3f89-8e79-81b1585b16c0
|i 619b38b3-8d4f-3f0b-ab80-ec764c1545dd
|t 0
|
| 952 |
f |
f |
|p ric
|a Texas A&M University
|b Rellis Campus
|c Joint Library Facility
|d Remote Storage
|t 0
|e GT4935 .A3
|h Library of Congress classification
|i unmediated -- volume
|m A14800885148
|
| 998 |
f |
f |
|a GT4935 .A3
|t 0
|l Remote Storage
|